Warrior cats I names - Statistics

General Stats
  • This quiz has been taken 9 times
  • The average score is 6 of 10
Answer Stats
% Correct
Ice
83%
Icestar
67%
Ivystar
67%
IvytailRc
67%
IvytailShc
67%
Icecloud
50%
Icewhisker
50%
Ivypool
50%
Icefoot
33%
Icicle
33%
No matching quizzes found
Score Distribution
Percent of People with Each Score
Percentile by Number Answered
Your Score History
You have not taken this quiz